[Event "Montreal Quebec U1600 op"]
[Site "Montreal"]
[Date "1989.07.28"]
[Round "7"]
[White "Laforest, Claude"]
[Black "Charest, Johanne"]
[Result "1-0"]
[WhiteElo "1443"]
[BlackElo "1558"]
[PlyCount "35"]
[EventDate "1989.07.22"]
[EventType "tourn"]
[EventRounds "8"]
[EventCountry "CAN"]
[SourceTitle "EXT 2022"]
[Source "ChessBase"]
[SourceDate "2021.10.06"]
[SourceVersion "1"]
[SourceVersionDate "2021.10.06"]
[SourceQuality "1"]

1. e4 e5 2. d4 exd4 3. c3 dxc3 4. Bc4 Bc5 5. Nf3 d6 6. 0-0 Nf6 7. e5 c2 8. Qxc2 dxe5 9. Bxf7+ Kxf7 10. Nxe5+ Kg8 11. Qxc5 Na6 12. Qc4+ Qd5 13. Rd1 Be6 14. Rxd5 Bxd5 15. Qh4 Rd8 16. h3 h6 17. Nc3 Be6 18. Be3 1-0

[Event "Quebec-ch Amateur"]
[Site "Montreal"]
[Date "1989.05.19"]
[Round "1"]
[White "Charest, Johanne"]
[Black "Laforest, Claude"]
[Result "1-0"]
[WhiteElo "1550"]
[BlackElo "1431"]
[PlyCount "47"]
[EventDate "1989.05.19"]
[EventType "swiss"]
[EventRounds "5"]
[EventCountry "CAN"]
[SourceTitle "EXT 2022"]
[Source "ChessBase"]
[SourceDate "2021.10.06"]
[SourceVersion "1"]
[SourceVersionDate "2021.10.06"]
[SourceQuality "1"]

1. e4 c5 2. Nf3 Nc6 3. d4 cxd4 4. Nxd4 e5 5. Nb5 d6 6. Bc4 a6 7. N5c3 Nf6 8. Bg5 h6 9. Be3 b5 10. Bb3 Ng4 11. Bd5 Qc7 12. 0-0 Nf6 13. f4 Bg4 14. Qd2 Rc8 15. Qf2 Nxd5 16. Nxd5 Qb7 17. fxe5 dxe5 18. Nbc3 Bd6 19. Nb6 Rd8 20. Ncd5 Be6 21. Qg3 f6 22. Rad1 Qb8 23. Qxg7 Rg8 24. Nxf6# 1-0